[Event "EU-ch rapid (Women)"]
[Site "Kutaisi"]
[Date "2015.06.02"]
[Round "6"]
[White "Choladze, Tea"]
[Black "Tedoshvili, Ana"]
[Result "0-1"]
[WhiteElo "1755"]
[BlackElo "1805"]
[PlyCount "68"]
[EventDate "2015.06.01"]
[EventType "swiss (rapid)"]
[EventRounds "11"]
[EventCountry "GEO"]
[SourceTitle "CBM 166 Extra"]
[Source "ChessBase"]
[SourceDate "2015.06.18"]
[SourceVersion "1"]
[SourceVersionDate "2015.06.18"]
[SourceQuality "1"]

1. e4 e5 2. Nf3 d6 3. h3 Nf6 4. d3 g6 5. Be2 Bg7 6. 0-0 0-0 7. c3 Be6 8. Re1 Nc6 9. Nbd2 d5 10. exd5 Nxd5 11. Bf1 Nf4 12. Ne4 Bd5 13. d4 Ne6 14. dxe5 Nxe5 15. Nxe5 Bxe5 16. Nd2 Bg7 17. Nf3 Bc6 18. Qe2 Qf6 19. Nh2 Nf4 20. Qc4 Nd5 21. Ng4 Qd6 22. Bg5 h5 23. Ne3 Nxe3 24. Rxe3 Rae8 25. Bf4 Qd7 26. Rd3 Qf5 27. Bxc7 Bb5 28. g4 hxg4 29. hxg4 Bxc4 30. gxf5 Bxd3 31. Bxd3 Rc8 32. Bf4 Rfd8 33. Bc2 Rc4 34. Bg5 Rg4+ 0-1

[Event "EU-ch rapid (Women)"]
[Site "Kutaisi"]
[Date "2015.06.01"]
[Round "2"]
[White "Gevorgyan, Maria"]
[Black "Tedoshvili, Ana"]
[Result "1-0"]
[WhiteElo "2190"]
[BlackElo "1805"]
[PlyCount "89"]
[EventDate "2015.06.01"]
[EventType "swiss (rapid)"]
[EventRounds "11"]
[EventCountry "GEO"]
[SourceTitle "CBM 166 Extra"]
[Source "ChessBase"]
[SourceDate "2015.06.18"]
[SourceVersion "1"]
[SourceVersionDate "2015.06.18"]
[SourceQuality "1"]

1. e4 e6 2. d4 d5 3. Nc3 Nf6 4. Bg5 Be7 5. e5 Nfd7 6. h4 c5 7. Bxe7 Qxe7 8. Nb5 0-0 9. Nc7 Nb6 10. Nxa8 Nxa8 11. f4 cxd4 12. Qxd4 Nc6 13. Qd2 Nb6 14. Nf3 f6 15. Bd3 Qc7 16. 0-0-0 fxe5 17. fxe5 Nxe5 18. Nxe5 Qxe5 19. Rhf1 Rf6 20. Rde1 Qh5 21. Rxf6 gxf6 22. Qf4 Qf7 23. Qb8 e5 24. Bf5 Qf8 25. Bxc8 Qxc8 26. Qd6 Qf8 27. Qc7 Qc8 28. Qe7 Qf8 29. Qxb7 Qh6+ 30. Kb1 Qxh4 31. Qb8+ Kg7 32. Qxa7+ Kg6 33. g3 Qb4 34. Rh1 h6 35. Qb8 Qb5 36. a4 Qa6 37. Qg8+ Kf5 38. Rh5+ Ke4 39. Qg6+ Kd4 40. Rh4+ Kc5 41. b4+ Kd6 42. Qxf6+ Kc7 43. Qxe5+ Kb7 44. Qe7+ Ka8 45. Rf4 1-0

[Event "EU-ch U16 Girls 24th"]
[Site "Batumi"]
[Date "2014.10.21"]
[Round "3"]
[White "Tribushna, Hanna"]
[Black "Tedoshvili, Ana"]
[Result "1-0"]
[WhiteElo "1797"]
[BlackElo "1599"]
[PlyCount "83"]
[EventDate "2014.10.19"]
[EventType "swiss"]
[EventRounds "9"]
[EventCountry "GEO"]
[SourceTitle "EXT 2015"]
[Source "ChessBase"]
[SourceDate "2014.11.20"]
[SourceVersion "1"]
[SourceVersionDate "2014.11.20"]
[SourceQuality "1"]

1. e4 c5 2. Nc3 Nc6 3. g3 g6 4. Bg2 Bg7 5. d3 d6 6. f4 e6 7. Nf3 Nge7 8. 0-0 0-0 9. Be3 Nd4 10. e5 Nxf3+ 11. Qxf3 Nf5 12. Bf2 Nd4 13. Qd1 dxe5 14. fxe5 Bxe5 15. Ne4 Nf5 16. c3 Rb8 17. Bxc5 Re8 18. Bxa7 Ra8 19. Bf2 Bg7 20. d4 b6 21. Nf6+ Bxf6 22. Bxa8 Ba6 23. Bc6 Bxf1 24. Bxe8 Bh3 25. Bc6 h5 26. Bf3 Bg5 27. Qe2 Nh6 28. Rd1 Ng4 29. d5 Nxf2 30. Qxf2 e5 31. Re1 Qd6 32. Bg2 Bxg2 33. Qxg2 f5 34. b4 e4 35. Rd1 Bf6 36. Qc2 h4 37. gxh4 Qf4 38. Qg2 Qe3+ 39. Kf1 f4 40. d6 f3 41. Qd2 Qxd2 42. Rxd2 1-0

[Event "EU-ch U14 Girls"]
[Site "Albena"]
[Date "2011.09.19"]
[Round "8"]
[White "Tedoshvili, Ana"]
[Black "Gueci, Laura"]
[Result "0-1"]
[WhiteElo "1496"]
[BlackElo "1808"]
[PlyCount "54"]
[EventDate "2011.09.11"]
[EventType "swiss"]
[EventRounds "9"]
[EventCountry "BUL"]
[SourceTitle "CBM 144 Extra"]
[Source "ChessBase"]
[SourceDate "2011.10.28"]
[SourceVersion "1"]
[SourceVersionDate "2011.10.28"]
[SourceQuality "1"]

1. d4 d5 2. Nf3 Nf6 3. c4 c6 4. c5 g6 5. Bf4 Bg7 6. e3 Nbd7 7. Nc3 0-0 8. Bd3 Nh5 9. Bg3 Nxg3 10. hxg3 e5 11. Be2 e4 12. Nh2 b6 13. cxb6 Qxb6 14. Qc2 Rb8 15. 0-0-0 Ba6 16. Ng4 Bxe2 17. Qxe2 c5 18. Nxd5 Qe6 19. Nc3 cxd4 20. exd4 Rfc8 21. d5 Qb6 22. Qc2 h5 23. Ne3 Ne5 24. Kd2 Nd3 25. Rb1 Nxf2 26. Rhf1 Bh6 27. Rfe1 Qd4+ 0-1

[Event "EU-ch (Women) 12th"]
[Site "Tbilisi"]
[Date "2011.05.18"]
[Round "11"]
[White "Choladze, Mariam"]
[Black "Tedoshvili, Ana"]
[Result "1-0"]
[WhiteElo "1818"]
[BlackElo "1469"]
[PlyCount "75"]
[EventDate "2011.05.07"]
[EventType "swiss"]
[EventRounds "11"]
[EventCountry "GEO"]
[SourceTitle "CBM 142 Extra"]
[Source "ChessBase"]
[SourceDate "2011.06.27"]
[SourceVersion "1"]
[SourceVersionDate "2011.06.27"]
[SourceQuality "1"]

1. e4 e6 2. d4 d5 3. Nd2 dxe4 4. Nxe4 Nf6 5. Bd3 Nbd7 6. Nf3 Nxe4 7. Bxe4 Nf6 8. Bd3 h6 9. 0-0 Bd6 10. Qe2 0-0 11. Ne5 c6 12. f4 c5 13. dxc5 Bxc5+ 14. Kh1 Qc7 15. Be3 Bxe3 16. Qxe3 b6 17. Rad1 Bb7 18. f5 Rae8 19. Qg3 Nh5 20. Qg4 Qxe5 21. Qxh5 exf5 22. Qxf5 Qxf5 23. Rxf5 Be4 24. Rf2 Bxd3 25. cxd3 Re3 26. Kg1 Rd8 27. Rfd2 Kf8 28. Kf2 Re5 29. d4 Red5 30. Ke3 f6 31. Rc1 R5d7 32. Rc4 Ke7 33. Ke4 Kd6 34. d5 Rc7 35. Rc6+ Kd7 36. Kf5 Re8 37. Kg6 Re7 38. Rxc7+ 1-0

[Event "EU-ch (Women) 12th"]
[Site "Tbilisi"]
[Date "2011.05.16"]
[Round "9"]
[White "Mumladze, Maia"]
[Black "Tedoshvili, Ana"]
[Result "1-0"]
[WhiteElo "1517"]
[BlackElo "1469"]
[PlyCount "36"]
[EventDate "2011.05.07"]
[EventType "swiss"]
[EventRounds "11"]
[EventCountry "GEO"]
[SourceTitle "CBM 142 Extra"]
[Source "ChessBase"]
[SourceDate "2011.06.27"]
[SourceVersion "1"]
[SourceVersionDate "2011.06.27"]
[SourceQuality "1"]

1. d4 Nf6 2. Nf3 e6 3. Bf4 d5 4. e3 Bd6 5. Ne5 Nbd7 6. Nd2 Bxe5 7. dxe5 Ng8 8. Qg4 g6 9. Bg5 Ne7 10. Qf4 c5 11. e4 Qc7 12. Bb5 Nc6 13. exd5 exd5 14. e6 Nde5 15. Bxc6+ bxc6 16. exf7+ Qxf7 17. Qxe5+ Qe6 18. Qxe6+ Bxe6 1-0

[Event "EU-ch (Women) 12th"]
[Site "Tbilisi"]
[Date "2011.05.09"]
[Round "3"]
[White "Tedoshvili, Ana"]
[Black "Kuchava, Ana"]
[Result "0-1"]
[WhiteElo "1469"]
[BlackElo "1973"]
[PlyCount "66"]
[EventDate "2011.05.07"]
[EventType "swiss"]
[EventRounds "11"]
[EventCountry "GEO"]
[SourceTitle "CBM 142 Extra"]
[Source "ChessBase"]
[SourceDate "2011.06.27"]
[SourceVersion "1"]
[SourceVersionDate "2011.06.27"]
[SourceQuality "1"]

1. d4 d5 2. c4 e6 3. a3 c6 4. Bf4 dxc4 5. e4 Nf6 6. Nc3 b5 7. Bg5 Be7 8. Bxf6 Bxf6 9. e5 Be7 10. a4 b4 11. Ne4 Ba6 12. Rc1 Qd5 13. f3 0-0 14. Ne2 Rd8 15. Qc2 c5 16. dxc5 Qxe5 17. f4 Qc7 18. g3 f5 19. Nd2 b3 20. Qc3 Rd3 21. Qe5 Qd7 22. Nd4 Rxd4 23. Bg2 Nc6 24. Bxc6 Qxc6 25. Qxd4 Qxh1+ 26. Nf1 Qd5 27. Qc3 Rd8 28. Ne3 Qxc5 29. Kf2 Bf6 30. Qe1 Bxb2 31. Rb1 Bd4 32. Kf3 Bxe3 33. Qxe3 Rd3 0-1

[Event "EU-ch (Women) 12th"]
[Site "Tbilisi"]
[Date "2011.05.07"]
[Round "1"]
[White "Ziaziulkina, Nastassia"]
[Black "Tedoshvili, Ana"]
[Result "1-0"]
[WhiteElo "2291"]
[BlackElo "1469"]
[PlyCount "91"]
[EventDate "2011.05.07"]
[EventType "swiss"]
[EventRounds "11"]
[EventCountry "GEO"]
[SourceTitle "CBM 142 Extra"]
[Source "ChessBase"]
[SourceDate "2011.06.27"]
[SourceVersion "1"]
[SourceVersionDate "2011.06.27"]
[SourceQuality "1"]

1. e4 c6 2. d4 d6 3. Nc3 g6 4. Be3 Bg7 5. Nf3 Nf6 6. h3 Nbd7 7. Qd2 a6 8. a4 Qc7 9. Bd3 c5 10. 0-0 0-0 11. Rfe1 b6 12. d5 Rb8 13. Qe2 Ra8 14. Nd2 Ne5 15. f4 Nxd3 16. Qxd3 Bd7 17. Nf3 c4 18. Qe2 b5 19. e5 dxe5 20. fxe5 Nh5 21. g4 Ng3 22. Qf2 b4 23. Bb6 Qb7 24. Nd1 f5 25. g5 Ne4 26. Qd4 a5 27. Ne3 c3 28. b3 e6 29. Rad1 Rfe8 30. Nc4 Bf8 31. d6 Ng3 32. Rd3 Bg7 33. Nxa5 Rxa5 34. Bxa5 Rb8 35. Bc7 Rc8 36. Qc4 Qa7+ 37. Kg2 Ne4 38. Rd4 Qa8 39. Kg1 Ng3 40. Kf2 Ne4+ 41. Kg1 Ng3 42. Rd3 Qa7+ 43. Qd4 Qb7 44. Bb6 Qa8 45. Qxb4 Bc6 46. Qxc3 1-0

[Event "EU-ch U12 Girls"]
[Site "Batumi"]
[Date "2010.09.23"]
[Round "5"]
[White "Tedoshvili, Ana"]
[Black "Ghukasyan, Siranush"]
[Result "1/2-1/2"]
[WhiteElo "1493"]
[BlackElo "1779"]
[PlyCount "51"]
[EventDate "2010.09.20"]
[EventType "swiss"]
[EventRounds "9"]
[EventCountry "GEO"]
[SourceTitle "CBM 138 Extra"]
[Source "ChessBase"]
[SourceDate "2010.10.29"]
[SourceVersion "1"]
[SourceVersionDate "2010.10.29"]
[SourceQuality "1"]

1. d4 d5 2. c4 e6 3. a3 c6 4. Nf3 Nf6 5. Bf4 Bd6 6. Bxd6 Qxd6 7. e3 0-0 8. Bd3 b6 9. 0-0 Rd8 10. cxd5 cxd5 11. Nc3 a6 12. Ne2 Nc6 13. Ng3 Ra7 14. Rc1 Rc7 15. Qe2 a5 16. Rc2 Bb7 17. Rfc1 Rdc8 18. h3 Ne7 19. Ne5 Ng6 20. Nxg6 hxg6 21. Rxc7 Rxc7 22. Rc2 Qd7 23. Qd2 Rxc2 24. Qxc2 Qc6 25. Ne2 Qxc2 26. Bxc2 1/2-1/2